Normal view
MARC view
Entry Personal Name
001 - CONTROL NUMBER
- control field: 6197
003 - CONTROL NUMBER IDENTIFIER
- control field: BD-RjUL
005 - DATE AND TIME OF LATEST TRANSACTION
- control field: 20221206173915.0
008 - FIXED-LENGTH DATA ELEMENTS
- fixed length control field: 221206|| aca||aabn | a|a d
040 ## - CATALOGING SOURCE
- Original cataloging agency: BD-RjUL
- Transcribing agency: BD-RjUL
100 ## - HEADING--PERSONAL NAME
- Personal name: Biswas, R. K. Supervisor
670 ## - SOURCE DATA FOUND
- Source citation: Work cat.: (BD-RjUL)80913: Islam, Md. Nazrul 3421, An Investigation on some physico-chemical properties of DI (2-Ethyl Hexyl) Phosphoric Acid and their correlations with metal ion extraction characteristics /, 1998